Mississippi - Statistics

Estatísticas Gerais
  • Esse quiz foi jogado 8 vezes
  • A pontuação média é 4 de 15
Estatísticas das Respostas
Imagem Resposta % Correto
Abelha
100%
Golfinho
100%
Leite
100%
Ostra
88%
Quadrilha
25%
Raposa-vermelha
25%
Achigã
0%
Elvis Presley Birthplace
0%
Hard Rock Hotel and Casino Biloxi
0%
Harrah's Gulf Coast
0%
Jackson
0%
Magnólia
0%
Mississippi Museum of Art
0%
Tishomingo State Park
0%
Vicksburg National Military Park
0%
Nenhum quiz correspondente encontrado
Distribuição das Pontuações
Porcentagem de Pessoas com Cada Pontuação
Percentil de Números Respondidos
Sua Pontuação Histórica
Você não jogou esse quiz